ASP.NET unleashed-(EBOOK) (Record no. 191484)
[ view plain ]
| 000 -LEADER | |
|---|---|
| fixed length control field | 00586 a2200241 4500 |
| 003 - CONTROL NUMBER IDENTIFIER | |
| control field | Nust |
| 005 - DATE AND TIME OF LATEST TRANSACTION | |
| control field | 20170207154017.0 |
| 020 ## - INTERNATIONAL STANDARD BOOK NUMBER | |
| International Standard Book Number | 0-672-32542-X |
| 035 ## - SYSTEM CONTROL NUMBER | |
| System control number | (Mo)b1508349 |
| 040 ## - CATALOGING SOURCE | |
| Transcribing agency | Nust |
| 082 04 - DEWEY DECIMAL CLASSIFICATION NUMBER | |
| Classification number | 006.7 |
| 082 04 - DEWEY DECIMAL CLASSIFICATION NUMBER | |
| Classification number | a005.2'768 |
| 100 1# - MAIN ENTRY--PERSONAL NAME | |
| Personal name | Walther, Stephen |
| 245 00 - TITLE STATEMENT | |
| Title | ASP.NET unleashed-(EBOOK) |
| Statement of responsibility, etc. | Stephen Walther |
| 250 ## - EDITION STATEMENT | |
| Edition statement | second edition |
| 260 ## - PUBLICATION, DISTRIBUTION, ETC. | |
| Place of publication, distribution, etc. | Indianapolis, Ind. : |
| Name of publisher, distributor, etc. | Sams , |
| Date of publication, distribution, etc. | 2004 |
| 300 ## - PHYSICAL DESCRIPTION | |
| Extent | xix, 1459 s. : |
| Other physical details | ill. |
| Accompanying material | CD-ROM |
| 650 #7 - SUBJECT ADDED ENTRY--TOPICAL TERM | |
| Topical term or geographic name entry element | Internet programming |
| 650 #7 - SUBJECT ADDED ENTRY--TOPICAL TERM | |
| Topical term or geographic name entry element | Web servers |
| 650 #7 - SUBJECT ADDED ENTRY--TOPICAL TERM | |
| Topical term or geographic name entry element | Web sites |
| General subdivision | Design |
| 651 ## - SUBJECT ADDED ENTRY--GEOGRAPHIC NAME | |
| Geographic name | EBOOK |
| 655 #4 - INDEX TERM--GENRE/FORM | |
| Genre/form data or focus term | Bok |
| 942 ## - ADDED ENTRY ELEMENTS (KOHA) | |
| Source of classification or shelving scheme | |
| Koha item type | Book |
| Withdrawn status | Lost status | Source of classification or shelving scheme | Damaged status | Not for loan | Collection code | Permanent Location | Current Location | Date acquired | Total Checkouts | Full call number | Barcode | Date last seen | Price effective from | Koha item type |
|---|---|---|---|---|---|---|---|---|---|---|---|---|---|---|
| Military College of Signals (MCS) | Military College of Signals (MCS) | 12/12/2016 | a005.2'768 WAL | MCSEB-547 | 12/08/2016 | 12/12/2016 | Book |
